000 00548nam a2200169Ia 4500
003 LDD
008 190117s9999 xx 000 0 und d
020 _c₹80
040 _cLDD
041 _ahi
082 _a8H1.709 नी6612सा
100 _aनीलकुसुम
245 0 _aसाठोत्तरी हिन्दी कविता की प्रवृत्तियाँ
_cनीलकुसुम
260 _aइलाहाबाद
_bकिताब महल
_c1987
300 _avi,174प्र.
942 _2ddc
_cH
999 _c162544
_d162544